Digital marketing : (Record no. 366412)
[ view plain ]
| 000 -LEADER | |
|---|---|
| fixed length control field | 00566nam a22001817a 4500 |
| 003 - CONTROL NUMBER IDENTIFIER | |
| control field | 0 |
| 005 - DATE AND TIME OF LATEST TRANSACTION | |
| control field | 20240928101801.0 |
| 008 - FIXED-LENGTH DATA ELEMENTS--GENERAL INFORMATION | |
| fixed length control field | 240928b xxu||||| |||| 00| 0 eng d |
| 020 ## - INTERNATIONAL STANDARD BOOK NUMBER | |
| International Standard Book Number | 978-1-5297-4278-7 |
| 050 ## - LIBRARY OF CONGRESS CALL NUMBER | |
| Classification number | HF 5415.1265 |
| Item number | .H36 2022 |
| 100 ## - MAIN ENTRY--PERSONAL NAME | |
| Personal name | Hanlon, Annmarie |
| 245 ## - TITLE STATEMENT | |
| Title | Digital marketing : |
| Remainder of title | your step-by-step guide |
| Statement of responsibility, etc | Hanlon, Annmarie |
| 260 ## - PUBLICATION, DISTRIBUTION, ETC. (IMPRINT) | |
| Place of publication, distribution, etc | Los Angeles |
| Name of publisher, distributor, etc | Sage |
| Date of publication, distribution, etc | C2022 |
| 300 ## - PHYSICAL DESCRIPTION | |
| Extent | 154p. : |
| Other physical details | ill. ; col. : |
| Dimensions | 22cm. |
| 500 ## - GENERAL NOTE | |
| General note | Internet marketing --handbooks, manuals, etc. |
| 650 ## - SUBJECT ADDED ENTRY--TOPICAL TERM | |
| Topical term or geographic name as entry element | Includes bibliographical references. |
| 942 ## - ADDED ENTRY ELEMENTS (KOHA) | |
| Source of classification or shelving scheme | Library of Congress Classification |
| Koha item type | Books |
| Withdrawn status | Lost status | Source of classification or shelving scheme | Damaged status | Home library | Current library | Shelving location | Date acquired | Source of acquisition | Sub Shelving location | Total Checkouts | Total Renewals | Full call number | Barcode | Checked out | Date last seen | Date checked out | Price effective from | Koha item type |
|---|---|---|---|---|---|---|---|---|---|---|---|---|---|---|---|---|---|---|
| Library of Congress Classification | College Library | College Library | Graduate Section | 09/28/2024 | Library Fund | 3 | 1 | HF 5415.1265 .H36 2022 | C23593 | 06/20/2026 | 02/19/2026 | 02/19/2026 | 09/28/2024 | Books |